| 000 | 00699cab a2200241 4500 | ||
|---|---|---|---|
| 001 | WB3344-32 | ||
| 008 | 090401t1997 xxu||||| |||| 00| 0 eng d | ||
| 035 | _a(Sirsi) u82067 | ||
| 041 | _aeng | ||
| 245 | _aTesco clean-up row | ||
| 260 | _c1997 | ||
| 350 | _a0 | ||
| 490 |
_aContract Journal _v12 November 1997, 4(1) |
||
| 520 | _aTesco is to sue civil engineering firm, Ernest Green Partnership, for failing to warn of chemical contamination on a site purchased for a superstore. | ||
| 650 | _aCIVIL ENGINEERS | ||
| 650 | _aCONTAMINATED LAND | ||
| 650 | _aERNEST GREEN PARTNERSHIP | ||
| 650 | _aREDBRIDGE | ||
| 650 | _aTESCO | ||
| 690 | _aLAND | ||
| 942 | _n0 | ||
| 948 | _c13/11/1997 | ||
| 999 |
_c51759 _d51759 |
||